000 00460nam a2200169Ia 4500
003 GCL
008 140319s9999 xx 000 0 eng d
040 _aGCL /
_cGCL
082 0 4 _a162
_bR T
100 1 _aREAD, STEPHEN
245 1 0 _aTHINKING ABOUT LOGIC: AN INTRODUCATION TO THE PHILOSOPHY OF LOGIC /
_cREAD, STEPHEN
260 _a[S.N] :
_bOXFORD UNIVERSITY PRESS ،
_c1994
300 _a262
650 0 4 _aPHILOSOPHY
650 0 4 _aLOGIC
942 _2ddc
_cBK
999 _c10257
_d10257